000
00209nam a2200097Ia 4500
008
190216s9999||||xx |||||||||||||| ||und||
100
_a
Radhakrishnan C
245
0
_a
Ddeep
260
_b
Current Books
942
_c
BK
999
_c
1001
_d
1001